|
|
|
|
| LEADER |
00000cab a2200000 a 4500 |
| 001 |
025978 |
| 003 |
UAHC_CL |
| 005 |
20180807173131.0 |
| 008 |
040429b2006 cl j 000 1 spa |
| 952 |
|
|
|0 0
|1 0
|4 0
|6 BOL___HIST__GEOGR_20_06_000000000000000
|7 0
|8 General
|9 52747
|a BC
|b BC
|c General
|d 2017-08-03
|l 0
|o BOL. HIST. GEOGR.-20/06
|p FICTICIO746
|r 2019-01-08 00:00:00
|t 1
|w 2017-08-03
|y REVA
|
| 999 |
|
|
|c 25978
|d 25978
|
| 040 |
|
|
|a UAHC_CL
|c UAHC_CL
|d UAHC_CL
|
| 100 |
1 |
|
|a Guzmán Rojas, Ninón Tamara
|
| 245 |
1 |
0 |
|a Reposicionamiento de la imagen de Augusto a través de las monedas /
|c Ninón Tamara Guzmán Rojas.
|
| 260 |
|
|
|b Universidad Católica Silva Henriquez
|a Santiago, Chile
|c 2006
|
| 300 |
|
|
|a pp. 53-81
|
| 500 |
|
|
|a En: BOLETêN DE HISTORIA Y GEOGRAFêA, n¼. 20, 2006. pp. 53-81. ISSN: 07168985
|
| 520 |
|
|
|a El presente artículo está orientado a analizar la importancia que tuvo la moneda en Roma, Específicamente al final de la República y el comienzo del Imperio, es decir, el periodo cuando Augusto tendría su participación política más relevante, en el que se sirvió de las imágenes para poder consolidar una nueva visión política, que cambiaría el estadio de caos que estaba viviendo Roma en ese momento.
|
| 650 |
|
4 |
|a HISTORIA
|
| 650 |
|
4 |
|a POLITICA
|
| 650 |
|
4 |
|a MONEDAS
|
| 651 |
|
4 |
|a ROMA
|
| 773 |
0 |
|
|t Boletín de historia y geografía.
|w 025934
|
| 900 |
|
|
|a BOL. HIST. GEOGR.-20/06
|
| 942 |
|
|
|c REVA
|2 ddc
|